Sports Quiz

Random Sports or Letter Quiz

Unique Letter NHL Teams Quiz Stats

Quiz Updated Jun 12, 2017

Challenge
Share
Tweet
Embed
Score 0/10 Timer 01:00
8 Plays Today
NHL Team % Correct
AAvalanche
80.4%
KKings
77.5%
IIslanders
74.6%
JJets
73.3%
WWild
64.9%
OOilers
63.6%
HHurricanes
55.1%
LLightning
51.3%
MMaple Leafs
48.5%
GGolden Knights
12.6%

You're not logged in!

Compare scores with friends on all Sporcle quizzes.
Sign Up with Email
OR
Log In

You Might Also Like...

Show Comments

Extras

Top Quizzes Today


Score Distribution

Your Account Isn't Verified!

In order to create a playlist on Sporcle, you need to verify the email address you used during registration. Go to your Sporcle Settings to finish the process.